000 00888nam a22002537a 4500
999 _c25448
_d25448
003 OSt
005 20210616151637.0
008 170320b xxu||||| |||| 00| 0 eng d
010 _a 2001265698
020 _a0521790999 (hardback)
040 _aMMU
_cMMU
_dMMU
_beng.
050 0 0 _aAG5
_b.C26 2000
082 0 0 _a032
_221
245 0 4 _aThe Cambridge encyclopedia /
_cedited by David Crystal.
250 _a4th ed.
260 _aCambridge, UK ;
_aNew York :
_bCambridge University Press,
_c2000.
300 _avi, 1336 p. :
_bill., maps (some col.) ;
_c29 cm.
500 _aIncludes index.
650 0 _aEncyclopedias and dictionaries.
700 1 _aCrystal, David,
_d1941-
856 4 1 _3Table of contents
_uhttp://www.loc.gov/catdir/toc/cam023/2001265698.html
856 4 2 _3Publisher description
_uhttp://www.loc.gov/catdir/description/cam022/2001265698.html
942 _2lcc
_cLOAN LOAN